Biblioteka Instytutu Północnego w Olsztynie

Bibliografia polskich druków ewangelickich ziem zachodnich i północnych 1530-1939 / (Rekord nr 27261)

Szczegóły MARC
000 -Nagłówek
fixed length control field 02197cam a2200601 i 4500
001 - Nr kontrolny bibl., która utworzyła rek.
control field zz2006923079
003 - Siglum bibl., której nr kontr. jest w 001
control field NUKAT
005 - Data i czas ostatniej operacji
control field 20260325113644.0
008 - Elementy pola stałej długości
fixed length control field 060324s1966 pl a b |001 0 pol c
035 ## - Systemowy numer kontrolny
systemowy numer kontrolny (OCoLC)69298100
035 ## - Systemowy numer kontrolny
systemowy numer kontrolny (NUKAT)zz2006923079
040 ## - Instytucja sporządzająca opis
Instytucja, która sporządziła opis WA U/76MW
język katalgowania-trzyzn. kod pol
zasady opisu rda
Instytucja, która sporządziła rekord WA U/MW
Instytucja, która zmodyfikowała rekord WA U/76JM
-- WR O/djas
-- OLSZT 008/bak
041 0# - Kod nazwy języka dokumentu
Język tekstu pol
Język streszczeń ger
045 2# - Okres czasu dla zawartości
czas między r. 9999 pne a nasz. czas. d1530
-- d1939
046 ## - Kod rodz. daty, data1, data2 (daty pne)
Begin/single date 1966
100 1# - Hasło główne-nazwa osobowa
Nazwa osobowa Chojnacki, Władysław
Daty biograficzne (1920-1991).
rodzaj współpracy Autor
9 (RLIN) 16142
245 10 - Tytuł właściwy i oznaczenie odpow.
tytuł Bibliografia polskich druków ewangelickich ziem zachodnich i północnych 1530-1939 /
dod. inf. ze s. tyt./ozn. odpow. Władysław Chojnacki.
250 ## - Oznaczenie wydania
oznaczenie wydania Wyd. I.
260 ## - Adres wydawniczy
miejsce wydania, dystrybucji itp. Warszawa :
nazwa wydawcy, dystrybutora itp. Wydawnictwo Zwiastun,
data wydania, dystrybucji itp. 1966.
300 ## - Opis fizyczny
objętość i/lub forma materiału XXIV, 277, [1] strona :
inne szczegóły opisu fizycznego ilustracje ;
format 24 cm.
336 ## - Content Type
Term Tekst
Code txt
Source rdacontent
337 ## - Media Type
Term Bez urządzenia pośredniczącego
Code n
Source rdamedia
338 ## - Carrier Type
Term Wolumin
Code nc
Source rdacarrier
380 ## - Form of work
Form of work Książki
380 ## - Form of work
Form of work Publikacje informacyjne
388 1# - TIME PERIOD OF CREATION
Time period of creation term 1901-2000
388 1# - TIME PERIOD OF CREATION
Time period of creation term 1945-1989
504 ## - Uwaga o bibliografii
uwaga o bibliografii Indeks.
546 ## - Uwaga o języku opisywanego materiału
uwaga o języku Streszczenie wstępu w języku niemieckim.
610 27 - Hasło przedmiotowe-nazwa ciała zbior.
nazwa ciała zbior. lub geogr. Kościół Ewangelicko-Augsburski w Polsce
źródło hasła DBN
9 (RLIN) 38931
648 #7 - SUBJECT ADDED ENTRY--CHRONOLOGICAL TERM
Chronological term 1901-2000
Source of heading or term DBN
9 (RLIN) 34996
648 #7 - SUBJECT ADDED ENTRY--CHRONOLOGICAL TERM
Chronological term 1501-1600
Source of heading or term DBN
9 (RLIN) 36032
648 #7 - SUBJECT ADDED ENTRY--CHRONOLOGICAL TERM
Chronological term 1601-1700
Source of heading or term DBN
9 (RLIN) 36034
648 #7 - SUBJECT ADDED ENTRY--CHRONOLOGICAL TERM
Chronological term 1701-1800
Source of heading or term DBN
9 (RLIN) 36035
648 #7 - SUBJECT ADDED ENTRY--CHRONOLOGICAL TERM
Chronological term 1801-1900
Source of heading or term DBN
9 (RLIN) 36037
648 #7 - SUBJECT ADDED ENTRY--CHRONOLOGICAL TERM
Chronological term 1901-1914
Source of heading or term DBN
9 (RLIN) 36038
648 #7 - SUBJECT ADDED ENTRY--CHRONOLOGICAL TERM
Chronological term 1914-1918
Source of heading or term DBN
9 (RLIN) 36040
648 #7 - SUBJECT ADDED ENTRY--CHRONOLOGICAL TERM
Chronological term 1918-1939
Source of heading or term DBN
9 (RLIN) 36041
650 #7 - Hasło przedmiotowe-nazwa pospolita
nazwa pospolita lub geogr. Mazurzy
źródło hasła DBN
9 (RLIN) 38043
650 #7 - Hasło przedmiotowe-nazwa pospolita
nazwa pospolita lub geogr. Polacy
źródło hasła DBN
9 (RLIN) 35100
650 #7 - Hasło przedmiotowe-nazwa pospolita
nazwa pospolita lub geogr. Protestanci
źródło hasła DBN
9 (RLIN) 38932
650 #7 - Hasło przedmiotowe-nazwa pospolita
nazwa pospolita lub geogr. Druki polskie
określnik geograficzny Dawne terytoria niemieckie na Wschodzie
określnik formy bibliografia.
źródło hasła kaba
9 (RLIN) 38936
650 #7 - Hasło przedmiotowe-nazwa pospolita
nazwa pospolita lub geogr. Kościół ewangelicko-augsburski
określnik geograficzny Dawne terytoria niemieckie na Wschodzie
określnik formy bibliografia.
źródło hasła kaba
9 (RLIN) 38934
651 #7 - Hasło przedmiotowe-nazwa geogr.
nazwa geograficzna Mazury
źródło hasła DBN
9 (RLIN) 35176
651 #7 - Hasło przedmiotowe-nazwa geogr.
nazwa geograficzna Polska (część północno-zachodnia)
źródło hasła DBN
9 (RLIN) 38933
651 #7 - Hasło przedmiotowe-nazwa geogr.
nazwa geograficzna Prusy Wschodnie
źródło hasła DBN
9 (RLIN) 35154
651 #7 - Hasło przedmiotowe-nazwa geogr.
nazwa geograficzna Warmia
źródło hasła DBN
9 (RLIN) 35166
655 #7 - Termin określający rodzaj/formę
rodzaj/forma Bibliografia
źródło terminu DBN
9 (RLIN) 35674
658 ## - Nazwa określająca cel programu nauczania
główny cel programu nauczania Bibliotekarstwo, archiwistyka, muzealnictwo
658 ## - Nazwa określająca cel programu nauczania
główny cel programu nauczania Religia i duchowość
710 2# - Hasło dodatkowe - nazwa ciała zbior.
nazwa ciała zbior. lub nazwa geogr. Wydawnictwo "Zwiastun".
rodzaj współpracy Wydawca
kod rodzaju współpracy pbl
9 (RLIN) 28370
942 ## - ADDED ENTRY ELEMENTS (KOHA)
Source of classification or shelving scheme Dewey Decimal Classification
Koha item type pozycje dostępne na miejscu
Egzemplarze
Status wycofania Status zagubienia Klasyfikacja Status uszkodzenia Blokada wypożyczeń Kolekcja Lokalizacja macierzysta Lokalizacja bieżąca Data nabycia Numer akcesji Źródło akcesji Nr inwentarzowy il. wypożyczeń Sygnatura Kod kreskowy Date last seen Price effective from Typ egz. Uwaga OPAC
    Dewey Decimal Classification nieuszkodzona   książka w czytelni og. Biblioteka Instytutu Północnego w Olsztynie Biblioteka Instytutu Północnego w Olsztynie 25/03/2026 K-8/1967 kupno 18057   18057 IPWK21468 25/03/2026 25/03/2026 pozycje dostępne na miejscu I/6/1
Biblioteka Instytutu Północnego, ul. Partyzantów 87, 10-402 Olsztyn, email: biblioteka(at)ip.olsztyn.pl